The first urban churches 1 / (Registro nro. 9394)

Detalles MARC
000 -LEADER
campo de control de longitud fija 04325cam a22006134i 4500
003 - IDENTIFICADOR DE NÚMERO DE CONTROL
campo de control PE-LiUPU
005 - FECHA Y HORA DE LA ÚLTIMA TRANSACCIÓN
campo de control 20250731172839.0
008 - DATOS DE LONGITUD FIJA--INFORMACIÓN GENERAL
campo de control de longitud fija 160519s2015 gaua rb 001 0 eng
020 ## - NÚMERO INTERNACIONAL ESTÁNDAR DEL LIBRO
Número Internacional Estándar del Libro 1628371021
020 ## - NÚMERO INTERNACIONAL ESTÁNDAR DEL LIBRO
Número Internacional Estándar del Libro 9781628371024
020 ## - NÚMERO INTERNACIONAL ESTÁNDAR DEL LIBRO
Número Internacional Estándar del Libro 1628372265
020 ## - NÚMERO INTERNACIONAL ESTÁNDAR DEL LIBRO
Número Internacional Estándar del Libro 9781628372267
035 ## - NÚMERO DE CONTROL DEL SISTEMA
Número de control de sistema (Sirsi) i9781628371024
040 ## - FUENTE DE CATALOGACIÓN
Centro catalogador/agencia de origen PE-LiUPU
Lengua de catalogación spa
Centro/agencia transcriptor PE-LiUPU
Normas de descripción rda
049 ## - FONDOS LOCALES (OCLC)
Biblioteca depositaria PRUA
066 ## - JUEGOS/CONJUNTO DE CARACTERES UTILIZADOS/PRESENTES
Juego/conjunto de caracteres alternativo G0 o G1 (S
082 04 - NÚMERO DE LA CLASIFICACIÓN DECIMAL DEWEY
Número de clasificación 270.1091732
Cutter F5
Número de edición 23
245 04 - MENCIÓN DEL TÍTULO
Título The first urban churches 1 /
Mención de responsabilidad, etc. editor James R. Harrison and L.L. Welbor.
264 #1 - PRODUCCIÓN, PUBLICACIÓN, DISTRIBUCIÓN, FABRICACIÓN Y COPYRIGHT
Producción, publicación, distribución, fabricación y copyright Atlanta :
Nombre del de productor, editor, distribuidor, fabricante SBL Press,
Fecha de producción, publicación, distribución, fabricación o copyright [2015].
300 ## - DESCRIPCIÓN FÍSICA
Extensión volumenes <1,4> :
Otras características físicas ilustraciones ;
Dimensiones 23 centímetros.
336 ## - TIPO DE CONTENIDO
Término de tipo de contenido text
Fuente rdacontent
337 ## - TIPO DE MEDIO
Nombre/término del tipo de medio unmediated
Fuente rdamedia
338 ## - TIPO DE SOPORTE
Nombre/término del tipo de soporte volume
Fuente rdacarrier
490 1# - MENCIÓN DE SERIE
Mención de serie Society of Biblical Literature. Writings from the Greco-Roman world supplement series ;
Designación de volumen o secuencia number 7
504 ## - NOTA DE BIBLIOGRAFÍA, ETC.
Nota de bibliografía, etc. Bibliografía : páginas 311-317.
504 ## - NOTA DE BIBLIOGRAFÍA, ETC.
Nota de bibliografía, etc. Índice : páginas 321-345.
505 ## - NOTA DE CONTENIDO CON FORMATO
Enlace 880-01
Nota de contenido con formato Abbreviations -- The first urban churches:introduction -- Assessing the potential of archaeological discoveries for the interpretation of Ner Testament texts: the case of a Gladiator fragment from Colossae and the letter to the colossians -- The city in Roman Egypt: the evidence of the Papyri Malcom Choat -- Epigraphy and the study of polis and Ekklesia in the greco-roman world -- Gaia, Polis, and Ekklesia at the Miletus Market GAte: an ecocritical Rimagination of Revelation 12:16 -- Coinage and colonial identity: corinthian numismatics and the corinthian correspondence -- The polis and the porr: reconstructing social relations from different genres of evidence -- Methodological considerations in using epigraphic evidence to determine the socioeconomic context of the early christians -- Urban portraits of the "barbarians" on the fringes of the roman empire: The archaeological, numismatic, epigraphic, and econographic evidence.
526 ## - NOTA DE INFORMACIÓN SOBRE EL PROGRAMA DE ESTUDIO
Nombre del programa Segunda Especialidad En Profecías Bíblicas
526 ## - NOTA DE INFORMACIÓN SOBRE EL PROGRAMA DE ESTUDIO
Nombre del programa Segunda Especialidad En Nuevo Testamento
526 ## - NOTA DE INFORMACIÓN SOBRE EL PROGRAMA DE ESTUDIO
Nombre del programa Segunda Especialidad En Antiguo Testamento
526 ## - NOTA DE INFORMACIÓN SOBRE EL PROGRAMA DE ESTUDIO
Nombre del programa Segunda Especialidad En Estudios Adventistas
526 ## - NOTA DE INFORMACIÓN SOBRE EL PROGRAMA DE ESTUDIO
Nombre del programa Doctorado en teología
526 ## - NOTA DE INFORMACIÓN SOBRE EL PROGRAMA DE ESTUDIO
Nombre del programa Maestría en teología histórica
526 ## - NOTA DE INFORMACIÓN SOBRE EL PROGRAMA DE ESTUDIO
Nombre del programa Maestría en teología bíblica
526 ## - NOTA DE INFORMACIÓN SOBRE EL PROGRAMA DE ESTUDIO
Nombre del programa Maestría en teología
526 ## - NOTA DE INFORMACIÓN SOBRE EL PROGRAMA DE ESTUDIO
Nombre del programa Maestría en misionología
526 ## - NOTA DE INFORMACIÓN SOBRE EL PROGRAMA DE ESTUDIO
Nombre del programa Maestría en liderazgo eclesiástico
526 ## - NOTA DE INFORMACIÓN SOBRE EL PROGRAMA DE ESTUDIO
Nombre del programa Teología
596 ## -
-- 1
650 #0 - PUNTO DE ACCESO ADICIONAL DE MATERIA--TÉRMINO DE MATERIA
Término de materia o nombre geográfico como elemento de entrada Ciudades y pueblos
Subdivisión general Aspectos religiosos
-- Cristianismo.
650 #0 - PUNTO DE ACCESO ADICIONAL DE MATERIA--TÉRMINO DE MATERIA
Término de materia o nombre geográfico como elemento de entrada Histotia de la iglesia
Subdivisión cronológica Iglesia primitiva y principios.
700 1# - ENTRADA AGREGADA--NOMBRE PERSONAL
Nombre de persona Harrison, James R.,
Fechas asociadas al nombre 1952-
Término indicativo de función/relación editor.
700 1# - ENTRADA AGREGADA--NOMBRE PERSONAL
Nombre de persona Welborn, L. L.,
Fechas asociadas al nombre 1953-
Término indicativo de función/relación editor.
880 0# - REPRESENTACIÓN GRÁFICA ALTERNATIVA
Enlace 505-01/(3
a Excavating the urban and country life of Roman Philippi and its territory -- Rooted in Heaven and resident in Philippi, but no eκκλησία? -- The social constituency and membership of the first Christian groups at Philippi : a literary and epigraphic survey -- Vindolanda Tablet 2.154, RPC 1651, and the provenance of Philippians -- Polis and ekklēsia at Philippi : a response to Kathy Ehrensperger, Paul Holloway, and Julien Ogereau -- First-century Philippi : contextualizing Paul's visit -- Did the Philippian Christ group know it was a "missionary" society -- The imperial authorities in Paul's letter to predominantly Greek hearers in the Roman colony of Philippi -- Every knee bowed : Jesus Christ as reigning Lord over "the heavenly, the earthly, and the subterranean gods" (Philippians 2:10) -- Rivals, opponents, and enemies : three kinds of theological argumentation in Philippians -- From Rome to the colony of Philippi : Roman boasting in Philippians 3:4-6 in its Latin West and Philippian epigraphic context.
910 ## - DATOS DE OPCIÓN DEL USUARIO (OCLC)
Datos de opción del usuario jck
-- ebj
-- ebj
-- 20160519
910 ## - DATOS DE OPCIÓN DEL USUARIO (OCLC)
Datos de opción del usuario dbm
-- ksl
-- ksl
-- 20190313
942 ## - ELEMENTOS DE ENTRADA SECUNDARIOS (KOHA)
Fuente del sistema de clasificación o colocación Clasificación Decimal Dewey
Tipo de ítem Koha
949 ## - PROCESAMIENTO DE INFORMACIÓN LOCAL (OCLC)
a 270.1091732 F5
w DEWEY
c 1
i 72852
d 2016-10-30
e 2016-10-28
l CCODEBUL1
m BUL
n 4
p 26.00
r 0
s Y
t BOOK
u 2016-5-19
x TEOLOGIA
-- P35
0 COMPRA
o .STAFF. Colección Teología
994 ## -
-- C0
-- PEPRU
999 ## - NÚMEROS DE CONTROL DE SISTEMA (KOHA)
-- DEWEY
-- 72852
-- 2016-10-28
-- 2021-11-11
-- 5
-- CCODEBUL1
-- BUL
-- 4
-- 26.00
-- 0
-- Y
-- BOOK
-- 2016-5-19
-- TEOLOGIA
-- P35
-- COMPRA
-- .STAFF. Colección Teología
999 ## - NÚMEROS DE CONTROL DE SISTEMA (KOHA)
-- DEWEY
-- 80032
-- 2021-11-11
-- 3
-- CCODEBUL1
-- BUL
-- 38.00
-- 0
-- Y
-- BOOK
-- 2019-3-13
-- TEOLOGIA
-- P35
-- DONACION
-- .STAFF. Colección Teología
980 ## - EQUIVALENCIA O REFERENCIA-CRUZADA-MENCIÓN DE SERIE--NOMBRE DE PERSONA/TÍTULO [LOCAL, CANADÁ]
ID del último usuario que modificó el registro 1
Nombre del último usuario que modificó el registro ALBERTO SANCHEZ Responsable de Automatización
Existencias
Visto por última vez Número de inventario Total de préstamos Signatura topográfica completa Código de barras Fecha del último préstamo Copia número Coste, precio de reemplazo Fecha de reemplazo Facultad Tipo de ítem Koha Nota pública Estado de pérdida Fuente del sistema de clasificación o colocación Restricciones de uso No para préstamo Colección Programa académico Biblioteca de origen Biblioteca actual Ubicación en estantería Fecha de adquisición Fuente de adquisición Coste, precio normal de compra
2025-12-02 6 4 270.1091732 F5 72852 2016-10-28 e1 31.00 2016-05-19   Libros físicos inventario-2023-12-13 No Perdido Clasificación Decimal Dewey No restringido Disponible para préstamos Colección General Teología Biblioteca CRAI UPeU Lima Biblioteca CRAI UPeU Lima Sala principal 2016-05-19 COMPRA 26.00
2025-12-02 4   270.1091732 F5 80032   e2 43.00 2019-03-13   Libros físicos inventario-2023-12-13 No Perdido Clasificación Decimal Dewey No restringido Disponible para préstamos Colección General Teología Biblioteca CRAI UPeU Lima Biblioteca CRAI UPeU Lima Sala principal 2019-03-13 DONACION 38.00